An English-Blackfoot vocabulary based on material from the southern Peigans, (Record no. 52718)
[ view plain ]
| 000 -LEADER | |
|---|---|
| fixed length control field | 01131cam a22002651 4500 |
| 001 - CONTROL NUMBER | |
| control field | s 35000009 |
| 003 - CONTROL NUMBER IDENTIFIER | |
| control field | DLC |
| 005 - DATE AND TIME OF LATEST TRANSACTION | |
| control field | 20260227111911.0 |
| 008 - FIXED-LENGTH DATA ELEMENTS--GENERAL INFORMATION | |
| fixed length control field | 790424s1930 ne d 000 0 eng c |
| 010 ## - LIBRARY OF CONGRESS CONTROL NUMBER | |
| LC control number | s 35000009 |
| 035 ## - SYSTEM CONTROL NUMBER | |
| System control number | (OCoLC)4891977 |
| 040 ## - CATALOGING SOURCE | |
| Original cataloging agency | Smithsonian inst. Library |
| Transcribing agency | NIC |
| Modifying agency | MBU |
| -- | DLC |
| 042 ## - AUTHENTICATION CODE | |
| Authentication code | premarc |
| 050 00 - LIBRARY OF CONGRESS CALL NUMBER | |
| Classification number | AS244 |
| Item number | .A52 n. r., deel 29, no. 4 |
| 082 ## - DEWEY DECIMAL CLASSIFICATION NUMBER | |
| Classification number | 508 s |
| 100 1# - MAIN ENTRY--PERSONAL NAME | |
| Personal name | Uhlenbeck, C. C. |
| Fuller form of name | (Christianus Cornelius), |
| Dates associated with a name | 1866-1951. |
| 245 13 - TITLE STATEMENT | |
| Title | An English-Blackfoot vocabulary based on material from the southern Peigans, |
| Statement of responsibility, etc. | by C. C. Uhlenbeck and R.H. van Gulik. |
| 260 ## - PUBLICATION, DISTRIBUTION, ETC. | |
| Place of publication, distribution, etc. | Amsterdam, |
| Name of publisher, distributor, etc. | Koninklijke Akademie van Wetenschappen, |
| Date of publication, distribution, etc. | 1930. |
| 300 ## - PHYSICAL DESCRIPTION | |
| Extent | 261 p. |
| Dimensions | 26 cm. |
| 490 1# - SERIES STATEMENT | |
| Series statement | Verhandelingen der Koninklijke Akademie van Wetenschappen te Amsterdam, Afdeeling Letterkunde. Nieuwe reeks ; |
| Volume/sequential designation | deel XXIX, no. 4 |
| 500 ## - GENERAL NOTE | |
| General note | "Corrigenda"--P. [259]-261. |
| 650 #0 - SUBJECT ADDED ENTRY--TOPICAL TERM | |
| Topical term or geographic name entry element | Siksika language |
| Form subdivision | Dictionaries. |
| 700 1# - ADDED ENTRY--PERSONAL NAME | |
| Personal name | Gulik, Robert Hans van, |
| Dates associated with a name | 1910-1967. |
| 830 #0 - SERIES ADDED ENTRY--UNIFORM TITLE | |
| Uniform title | Verhandelingen der Koninklijke Akademie van Wetenschappen te Amsterdam, Afdeeling Letterkunde. |
| Number of part/section of a work | Nieuwe reeks ; |
| Volume/sequential designation | d. 29, no. 4. |
No items available.